000 00719nam a2200181Ia 4500
008 100920s9999 xx 000 0 und d
082 _b57017
_a891.463.1 0
100 _aजोंधळे महावीर.
245 _aनाल नसलेल्या घोड्याचा मालक.
260 _bअनुपम प्रकाशन केंद्र, औरंगाबाद.
_c0
300 _a100
_bसाधी
365 _b35
520 _aलघुकथा.
630 _aनाल नसलेल्या घोड्याचा मालक.
650 _aलघुकथा.
730 _aनाल नसलेल्या घोड्याचा मालक.
942 _cBOOK
999 _c700979
_d700976